Optimalizácia dopravy v Bratislave diplomová práca

Saved in:
Bibliographic Details
Main Author: Izakovič, Michal
Corporate Author: Fakulta hospodárskej informatiky EU. Katedra operačného výskumu a ekonometrie
Other Authors: Čemická, Katarína
Format: Book
Language:Slovak
Published: Bratislava 2009
Tags: Add Tag
No Tags, Be the first to tag this record!

MARC

LEADER 00000nam$a2200000$$$4500
001 0097056
005 20240318134140.8
041 0 |a slo 
044 |a SK 
245 1 0 |a Optimalizácia dopravy v Bratislave  |b diplomová práca  |c Michal Izakovič ; škol. Katarína Čemická 
264 1 |a Bratislava  |c 2009 
300 |a 71 s. 
100 1 |a Izakovič, Michal 
700 1 |a Čemická, Katarína 
710 2 |a Fakulta hospodárskej informatiky EU. Katedra operačného výskumu a ekonometrie